| 000 | 01206nam a2200325 a 4500 | ||
|---|---|---|---|
| 001 | 000115630 | ||
| 003 | CHAP | ||
| 005 | 20220329144542.0 | ||
| 008 | 190617s2018 mx a |sm |||||||spa d | ||
| 010 | _a112091 | ||
| 011 | _a113063 | ||
| 040 | _cCHAP | ||
| 090 | _aTesis | ||
| 100 | 1 |
_aMorales de Jesús, César. _9136105 |
|
| 245 | 1 | 0 |
_aSimulación e implementación de un robot autónomo utilizando ros, gazebo y rviz _h[En línea] _cpor César Morales de Jesús. |
| 260 |
_aChapingo, Méx. : _bEl autor, _c2018. |
||
| 500 | _aPara ver el contenido del material haga clic en la liga | ||
| 502 | _aTesis (Ingeniero Mecánico Agrícola) -- UACH. Departamento de Ingeniería Mecánica Agrícola | ||
| 590 |
_aBATCH-UPD _b05 _c20190617 _lUCH01 _h1134 |
||
| 590 |
_aE6337LMJ _b05 _c20190617 _lUCH01 _h1133 |
||
| 590 |
_aE6337LMJ _b05 _c20190617 _lUCH01 _h1133 |
||
| 650 | 1 | 4 |
_aRobots _xDiseño y construcción. _9130872 |
| 650 | 1 | 4 |
_aRobots _xProgramación. _9130873 |
| 650 | 1 | 4 |
_aRobots _xSistemas de control. _9130871 |
| 650 | 1 | 4 |
_aRobots _xSistemas de infomación. _9128756 |
| 856 |
_aFinding aid _uhttp://10.13.5.2/tesis/sist115630.pdf _zTeclea aquí |
||
| 901 | _aBK | ||
| 942 | _cTESIS | ||
| 942 | _n0 | ||
| 999 |
_c112091 _d112091 |
||